Advanced drilling solutions : (Record no. 8877)
[ view plain ]
| 000 -LEADER | |
|---|---|
| fixed length control field | 01027nac a22003011u 4500 |
| 008 - FIXED-LENGTH DATA ELEMENTS--GENERAL INFORMATION | |
| fixed length control field | 150826t2003 okua frb 001 0 eng d |
| 010 ## - LIBRARY OF CONGRESS CONTROL NUMBER | |
| LC control number | 2002154490 |
| 020 ## - INTERNATIONAL STANDARD BOOK NUMBER | |
| International Standard Book Number | 0878147861 (v. 1) |
| 020 ## - INTERNATIONAL STANDARD BOOK NUMBER | |
| International Standard Book Number | 9780878147861 (v. 1) |
| 020 ## - INTERNATIONAL STANDARD BOOK NUMBER | |
| International Standard Book Number | 0878148914 (v. 2) |
| 020 ## - INTERNATIONAL STANDARD BOOK NUMBER | |
| International Standard Book Number | 9780878148912 (v. 2) |
| 040 ## - CATALOGING SOURCE | |
| Original cataloging agency | EG-ScBUE |
| Language of cataloging | eng |
| Transcribing agency | EG-ScBUE |
| 082 04 - DEWEY DECIMAL CLASSIFICATION NUMBER | |
| Classification number | 622.33820947 |
| Item number | GEL |
| Edition number | 22 |
| 100 1# - MAIN ENTRY--PERSONAL NAME | |
| Personal name | Gelfgat, Yakov A. |
| 245 10 - TITLE STATEMENT | |
| Title | Advanced drilling solutions : |
| Statement of responsibility, etc | Yakov A. Gelfgat, Mikhail Y. Gelfgat, Yuri S. Lopatin. |
| 260 ## - PUBLICATION, DISTRIBUTION, ETC. (IMPRINT) | |
| Place of publication, distribution, etc | Tulsa, Oklahoma : |
| Name of publisher, distributor, etc | PennWell Corp., |
| Date of publication, distribution, etc | c.2003. |
| 300 ## - PHYSICAL DESCRIPTION | |
| Extent | 2 v. : |
| Other physical details | ill., col. maps ; |
| Dimensions | 24 cm. |
| 500 ## - GENERAL NOTE | |
| General note | Includes index. |
| 504 ## - BIBLIOGRAPHY, ETC. NOTE | |
| Bibliography, etc | Includes bibliographical references. |
| 590 ## - LOCAL NOTE (RLIN) | |
| Local note | Menna Elemam |
| 650 #0 - SUBJECT ADDED ENTRY--TOPICAL TERM | |
| Topical term or geographic name as entry element | Oil well drilling |
| Geographic subdivision | Russia (Federation) |
| Source of heading or term | BUEsh |
| 650 #0 - SUBJECT ADDED ENTRY--TOPICAL TERM | |
| Topical term or geographic name as entry element | Oil well drilling |
| Geographic subdivision | Former Soviet Republics. |
| Source of heading or term | BUEsh |
| 651 ## - SUBJECT ADDED ENTRY--GEOGRAPHIC NAME | |
| Source of heading or term | BUEsh |
| 653 ## - INDEX TERM--UNCONTROLLED | |
| Resource For college | Engineering, Petroleum |
| Arrived date list | August2015 |
| 700 1# - ADDED ENTRY--PERSONAL NAME | |
| Personal name | Gelfgat, Mikhail Y. |
| 700 1# - ADDED ENTRY--PERSONAL NAME | |
| Personal name | Lopatin, Yuri S. |
| 942 ## - ADDED ENTRY ELEMENTS (KOHA) | |
| Item type | Book - Borrowing |
| Call number prefix | 622.33820947 GEL |
| Source of classification or shelving scheme | Dewey Decimal Classification |
| Withdrawn status | Item status | Source of classification or shelving scheme | Damaged status | Not for loan | Home library | Current library | Shelving location | Date acquired | Source of acquisition | Total Checkouts | Total Renewals | Full call number | Barcode | Date last seen | Date last borrowed | Cost, replacement price | Koha item type | Public note |
|---|---|---|---|---|---|---|---|---|---|---|---|---|---|---|---|---|---|---|
| Dewey Decimal Classification | Central Library | Central Library | First floor | 27/03/2008 | Purchase | 4 | 39 | 622.33820947 GEL | 000010423 | 15/07/2025 | 14/11/2016 | 975.00 | Book - Borrowing | VOL.1 | ||||
| Dewey Decimal Classification | Central Library | Central Library | First floor | 26/08/2015 | Purchase | 3 | 9 | 622.33820947 GEL | 000010426 | 15/07/2025 | 24/10/2017 | 487.50 | Book - Borrowing | VOL. 2 |